000 00679nam a2200241 a 4500
005 20140310183503.0
008 050708s19uu xx 00 eng d
020 _a0071244905
050 _aQP 34.5
_b.Se418 2008
100 _aSeeley, Rod R.
245 _aEssentials of anatomy & physiology /
_cRod R. Seeley, Trent D. Stephens, Philip Tate.
250 _a5th ed.
260 _aNew York, NY :
_bMcGraw-Hill,
_c2008.
300 _a610 p. :
_bill. col. ;
_c28 cm.
521 _aNUR
650 _aHuman physiology.
650 _aHuman anatomy.
700 _aStephens, Trent D.
700 _aTate, Philip
942 _cBK
_2lcc
_kFOR
999 _c23979
_d23979